000 00459nam a2200181Ia 4500
001 19286
005 20260306172642.0
008 260306t1996||||xx |||||||||||||| ||spa||
041 _aESP
082 _a658.83
_bD76
100 _aDillon, William R.
_eAUT
245 0 _aLa investigación de mercados en un entorno de marketing
260 _c1996
300 _axxii, 735 pƔginas :
_c30 cm.
650 _aGEN
654 _aCAN
942 _cLIB
_dJUS
_fJUS
_2ddc
_n
999 _c19286
_d19286